Algebra
Saved in:
| Main Author: | |
|---|---|
| Format: | Book |
| Language: | English French |
| Published: |
Berlin ; New York :
Springer-Verlag,
c1989-2003.
|
| Series: | Bourbaki Nicolas. Elements de mathimatique. English
|
| Subjects: | |
| Tags: |
Add Tag
No Tags, Be the first to tag this record!
|
MARC
| LEADER | 00000cam a2200000 i 4500 | ||
|---|---|---|---|
| 001 | 1/27948 | ||
| 008 | 941103m19892003gw | ||| |||| ||eng|| | ||
| 020 | |a 3540642439 | ||
| 020 | |a 3540007067 | ||
| 020 | |a 3540193758 | ||
| 020 | |a 3540193731 | ||
| 035 | |a 1993 |c ΑΝΟΥΣΗΣ |l 10037951 | ||
| 040 | |a GR-MyUa |b gre |e AACR2 | ||
| 041 | 1 | |a eng |h fre | |
| 082 | 7 | |a 512 |2 (22) | |
| 100 | 1 | |a Bourbaki, Nicolas. | |
| 245 | 1 | 0 | |a Algebra / |c N. Bourbaki. |
| 246 | 3 | 3 | |a Algebra I |
| 246 | 3 | 3 | |a Algebra II |
| 260 | |a Berlin ; New York : |b Springer-Verlag, |c c1989-2003. | ||
| 300 | |a 2 τ. ; |c 24 εκ. | ||
| 490 | 1 | |a (Elements of mathematics) | |
| 504 | |a Περιέχει βιβλιογραφικές αναφορές και ευρετήριο. | ||
| 505 | 8 | |a Τ. 1. Chapters 1-3 -- τ. 2. Chapters 4-7. | |
| 650 | 0 | |a Algebra. | |
| 765 | 0 | 8 | |i Μετάφραση του: |t Algebre / |
| 830 | 0 | |a Bourbaki Nicolas. Elements de mathimatique. English | |
| 852 | |a INST |b SAMOS |e 19941103 |h 512 BOU |p 005300001756 |q 005300001756 |t BK |y 0 |z τ.1 | ||
| 852 | |a INST |b SAMOS |e 19941103 |h 512 BOU |p 005300001757 |q 005300001757 |t BK |y 0 |z τ.2 | ||
| 852 | |a INST |b SAMOS |e 20080116 |h 512 BOU |p 005300027264 |q 005300027264 |t BK |y 0 |z τ.1 | ||
| 852 | |a INST |b SAMOS |e 20071025 |h 512 BOU |p 005300028055 |q 005300028055 |t BK |y 0 |z τ.2 | ||
| 852 | |a INST |b SAMOS |e 19941103 |h 512 BOU |p 005300001756 |q 005300001756 |t BK |v τ.1: |y 0 |z τ.1 | ||
| 852 | |a INST |b SAMOS |e 19941103 |h 512 BOU |p 005300001757 |q 005300001757 |t BK |v τ.2: |y 0 |z τ.2 | ||
| 852 | |a INST |b SAMOS |e 20080116 |h 512 BOU |p 005300027264 |q 005300027264 |t BK |v τ.1: |y 0 |z τ.1 | ||
| 852 | |a INST |b SAMOS |e 20071025 |h 512 BOU |p 005300028055 |q 005300028055 |t BK |v τ.2: |y 0 |z τ.2 | ||
| 853 | |a INST |b SAMOS |h 512 BOU | ||
| 901 | |a BIBL3-2008-1 | ||
| 901 | |a BIBL3-2007-3 | ||
| 922 | |a 3ΕΛΗ |b 200712 |c ΕΠΕΑΕΚ2/ΜΑΘ |d ΕΛΕΥΘΕΡΟΥΔΑΚΗΣ | ||
| 922 | |a 3ΕΛΗ |b 200709 |c ΕΠΕΑΕΚ2/ΤΜΗΜΑ ΜΑΘΗΜΑΤΙΚΩΝ |d ΠΑΠΑΣΩΤΗΡΙΟΥ | ||
| 970 | |a ΚΟΣΙΕΡΗΣ |b ΧΡΗΣΤΟΣ |z 2007/10/25 | ||